000 01080nam a22002537a 4500
005 20101028111547.0
008 101028t xxu||||| |||| 00| 0 hin d
010 _aHIN-90919
020 _c300.00
_a9789380527062
035 _aHN-63265
037 _bDBAD / PUB
040 _aDPL
_bHN
082 _a323.445
100 _aमनोज सिंह
_924013
245 _aसूचना का अधिकार /
_cमनोज सिंह
246 _aSuchna ka adhikaar
_bby Manoj Singh
260 _aनई दिल्ली
_bआकाशगंगा प्रकाशन
_c2010
270 _a4790-61(द्विवतीय तल) 23, अंसारी रोड, दरियागंज
_bनई दिल्ली
_e110002
300 _a194पृ
_c22सेमी (सजिल्द)
650 _91159
700 _924014
942 _2ddc
_cHN
_h323.445
_mमनोज
999 _c48507
_d48507